Online Catalogue and eLibrary

Tamil Tentral: (Record no. 4274)

MARC details
000 -LEADER
fixed length control field 00482nam a2200157Ia 4500
005 - DATE AND TIME OF LATEST TRANSACTION
control field 20250304234921.0
008 - FIXED-LENGTH DATA ELEMENTS--GENERAL INFORMATION
fixed length control field 240331s9999 xx 000 0 und d
082 ## - DDC Classification
Item Number - Author Mark VIS
DDC Edition Number 1560
Class No. 920
100 ## - MAIN ENTRY--PERSONAL NAME
Personal name Viswanathan, S
245 #0 - TITLE STATEMENT
Title Tamil Tentral:
Remainder of title Tiru. Vi. Ka
250 ## - EDITION STATEMENT
Edition statement 2nd Edition
260 ## - PUBLICATION, DISTRIBUTION, ETC.
Place of publication, distribution, etc. Madras
Name of publisher, distributor, etc. Tamil Puthakalayam
Date of publication, distribution, etc. 1987
300 ## - PHYSICAL DESCRIPTION
Extent (e.g. Volumes, Pages etc.) 180 p.,
500 ## - GENERAL NOTE
General note A collection of essays by Thiru. V. K, an Indian scholar, essayist, and activist for the Tamil language.
942 ## - Koha item type (Biblio)
Koha item type Books in Stacks (Lending)
Holdings
Lost status Damaged status Collection code Home library Current library Shelving location Date acquired Full call number Accession Number Item type
    Lending WERC Library WERC Library Social Science Cupboard 03/31/2024 920 VIS 1560 Books in Stacks (Lending)

© WERC Library